00786 a2200217 4500999001500000010001400015020002300029035001300052037001500065082001100080100002700091245009200118250001200210260004900222270004500271300002800316500005100344700002900395942003100424952011300455 c5844d5844 aENG-86974 a0070666911c275.00 aEN-70507 bDBAD / PUB14a657.481 aNeelkantan Ramchandran1 aFinancial accounting for management /cby Neelkantan Ramchandran [and] Ram Kumar Kakani a2nd ed aNew DelhibTata McGraw-Hill Publishingc2008 a7, West Patel Nagar,bNew Delhie110 008 axix, 624 pc24 cm (Pbk) aIncludes bibliographical references and index1 aKakani, Ram Kumar935918 adplcEN2ddch657.48 mNEE 001040718NFICaDBADbDBADeDBAD/PUBg275.00l0o657.48 NEEpEN-70507r2008-09-15 00:00:00t1v275.00yEN